Perlembagaan Persekutuan : (hingga 15hb Januari 2002)

Bibliographic Details
Corporate Author: MALAYSIA
Format: Book
Published: Petaling Jaya, Selangor : International Law Book Services , 2002
Series:Undang-Undang Malaysia
Subjects:

MARC

LEADER 00000cam a2200000 7i4500
001 0000002061
005 20020917.0
020 0 0 |a 9678912287 
090 0 0 |a 342.595   |b MAL 2002 
110 1 0 |a MALAYSIA 
245 1 0 |a Perlembagaan Persekutuan :   |b (hingga 15hb Januari 2002)   |c disusun oleh Lembaga Penyelidikan Undang-Undang 
260 0 0 |a Petaling Jaya, Selangor :   |b International Law Book Services ,   |c 2002 
300 |a 170 p. ;   |c 25 cm. 
440 0 0 |a Undang-Undang Malaysia 
651 0 0 |a Malaysia   |x Constitutional law 
998 |a JPSM 
999 |a 0000003425   |b Monograph   |c Open Shelf   |e Default branch